00325nam a2200109Ia 4500008004100000082000800041100001600049245003400065942000600099952009500105999001500200240331s9999 xx 000 0 und d bDEW aDewaraja, L 0aSri Lanka through French eyes cL 001040708LaWERCLbWERCLcSSCd2024-03-31l0o 954.93 DEWp9r2024-03-31w2024-03-31yL c3539d3539